[Event "European Youth Chess Championship B12"]
[Site "Prague, Top Hotel Prague"]
[Date "2016.08.27"]
[Round "9.48"]
[White "Pobor, Milo"]
[Black "Nytra, Ondrej"]
[Result "1-0"]
[WhiteElo "1817"]
[BlackElo "1708"]
[PlyCount "78"]
[EventDate "2016.08.18"]

1. e4 e5 2. Nf3 Nc6 3. Nc3 Nf6 4. Bb5 Bb4 5. d3 d6 6. O-O O-O 7. Bg5 Bxc3 8.
bxc3 Qe7 9. h3 Nd8 10. Re1 Ne6 11. Bh4 Kh8 12. d4 Nf4 13. Bg5 Ng6 14. Nh4 h6
15. Nxg6+ fxg6 16. Bxf6 Qxf6 17. Qd2 g5 18. Qe2 exd4 19. cxd4 Qxd4 20. Qe3 Qxe3
21. Rxe3 Be6 22. e5 dxe5 23. Rxe5 Bg8 24. Re7 c6 25. Bd3 Rf7 26. Rae1 Rxe7 27.
Rxe7 Bxa2 28. Rxb7 a5 29. Rb6 a4 30. Rxc6 a3 31. Rb6 Bf7 32. Rb1 a2 33. Ra1 Rb8
34. c3 Rc8 35. c4 Rb8 36. Rxa2 Rb3 37. Ra8+ Bg8 38. Bg6 Rb7 39. Be4 Rc7 1-0

[Event "European Youth Chess Championship B12"]
[Site "Prague, Top Hotel Prague"]
[Date "2016.08.27"]
[Round "9.50"]
[White "Mansoor, Afras"]
[Black "Neumann, Filip"]
[Result "1-0"]
[WhiteElo "1728"]
[BlackElo "1812"]
[PlyCount "97"]
[EventDate "2016.08.18"]

1. d4 Nf6 2. Bg5 d5 3. e3 e6 4. c4 c6 5. Nc3 Nbd7 6. Nf3 Qa5 7. Nd2 Bb4 8. Qc2
O-O 9. Be2 dxc4 10. Bxf6 Nxf6 11. Nxc4 Qc7 12. O-O Nd5 13. a3 Be7 14. Ne5 c5
15. Bd3 h6 16. Rac1 Bd6 17. Nb5 Qd8 18. Nxd6 Qxd6 19. Qxc5 Qxc5 20. Rxc5 b6 21.
Rc2 Bb7 22. Rfc1 Rfd8 23. Be4 f6 24. Bxd5 Bxd5 25. Ng6 Rd7 26. Rc7 Rad8 27.
Ne7+ Kf7 28. Nxd5 exd5 29. g3 Ke6 30. Kg2 g5 31. Kf3 h5 32. b4 Kf5 33. R1c6 Kg6
34. b5 Kf7 35. Rxd7+ Rxd7 36. e4 g4+ 37. Kf4 dxe4 38. Kxe4 Re7+ 39. Kf5 Re2 40.
Rxf6+ Ke7 41. Kg5 Rb2 42. Rf5 Ke6 43. d5+ Kd6 44. Kxh5 Rxb5 45. Kxg4 Ra5 46.
Rf6+ Ke5 47. Rf5+ Kd6 48. Rf3 Rxd5 49. h4 1-0

[Event "European Youth Chess Championship B12"]
[Site "Prague, Top Hotel Prague"]
[Date "2016.08.27"]
[Round "9.51"]
[White "Luu, Robert"]
[Black "Hofman, Krystof"]
[Result "0-1"]
[WhiteElo "1779"]
[BlackElo "1684"]
[PlyCount "80"]
[EventDate "2016.08.18"]

1. b3 d5 2. Bb2 c5 3. e3 Nc6 4. Nf3 a6 5. d4 Nf6 6. Be2 Bf5 7. a3 e6 8. Nbd2
Bd6 9. Ne5 O-O 10. O-O Qe7 11. f4 Rac8 12. c4 h6 13. g4 Bh7 14. Qe1 Ne4 15.
Nxe4 Bxe4 16. Bf3 Bxe5 17. Bxe4 Bxd4 18. exd4 dxe4 19. Qxe4 cxd4 20. Rf3 Rfe8
21. Rh3 e5 22. f5 f6 23. Rd1 Rcd8 24. Rdd3 Nb8 25. Rhg3 Qc7 26. h4 Nd7 27. b4
Nb6 28. c5 Nd5 29. g5 Nf4 30. Rd1 Kh7 31. Bc1 d3 32. Kf2 Rd4 33. Qf3 Ne2 34.
Rg2 Nxc1 35. Qh5 Qc6 36. gxh6 Rf4+ 37. Kg1 Ne2+ 38. Rxe2 Qd7 39. Rg2 Qd4+ 40.
Kh1 Rxh4+ 0-1

[Event "European Youth Chess Championship B12"]
[Site "Prague, Top Hotel Prague"]
[Date "2016.08.27"]
[Round "9.52"]
[White "Husa, Daniel"]
[Black "Motiu, Victor"]
[Result "1/2-1/2"]
[WhiteElo "1488"]
[BlackElo "1774"]
[PlyCount "86"]
[EventDate "2016.08.18"]

1. Nf3 d5 2. g3 Nf6 3. Bg2 Bf5 4. c4 e6 5. b3 Be7 6. Bb2 O-O 7. O-O c6 8. d3
Nbd7 9. Nbd2 Qc7 10. Nh4 Bg6 11. Nxg6 hxg6 12. Qc2 Rfd8 13. Rad1 Rac8 14. e4
dxe4 15. Nxe4 Nxe4 16. Bxe4 Bf6 17. Bxf6 Nxf6 18. d4 Qb6 19. c5 Qb4 20. a3 Qa5
21. b4 Qc7 22. Bf3 Rd7 23. Rd2 Rcd8 24. Rfd1 Nd5 25. Qb2 Kf8 26. Kf1 a5 27.
Bxd5 Rxd5 28. Ke1 axb4 29. axb4 Re8 30. Kf1 Qe7 31. Re2 Rh5 32. Kg2 Qd7 33. Rh1
e5 34. Rxe5 Rhxe5 35. dxe5 Qd5+ 36. f3 Rxe5 37. Rd1 Qe6 38. Kf2 Kg8 39. Qd2 Rd5
40. Qe2 Qd7 41. Rxd5 Qxd5 42. Qe8+ Kh7 43. Qe4 Qd2+ 1/2-1/2

[Event "European Youth Chess Championship B12"]
[Site "Prague, Top Hotel Prague"]
[Date "2016.08.27"]
[Round "9.53"]
[White "Nguyen, Thai Dai Vinh"]
[Black "Barak, David"]
[Result "1/2-1/2"]
[WhiteElo "1774"]
[BlackElo "1627"]
[PlyCount "48"]
[EventDate "2016.08.18"]

{Waiting for moves from server...} 1. e4 c6 2. d4 d5 3. Nc3 dxe4 4. Nxe4 Bf5 5.
Ng3 Bg6 6. Bc4 e6 7. N1e2 Bd6 8. h4 h6 9. Nf4 Bxf4 10. Bxf4 Nf6 11. Qe2 Qa5+
12. Bd2 Qc7 13. O-O-O Nbd7 14. h5 Bh7 15. Qf3 Nd5 16. Rhe1 N7b6 17. Bb3 O-O-O
18. c4 Nf6 19. Ba5 c5 20. Qe3 cxd4 21. Rxd4 Rxd4 22. Qxd4 Rd8 23. Qc3 Qf4+ 24.
Qe3 Qxe3+ 1/2-1/2

[Event "European Youth Chess Championship B12"]
[Site "Prague, Top Hotel Prague"]
[Date "2016.08.27"]
[Round "9.54"]
[White "Jirousek, Jan"]
[Black "Stremavicius, Pijus"]
[Result "1-0"]
[WhiteElo "1581"]
[BlackElo "1771"]
[PlyCount "91"]
[EventDate "2016.08.18"]

1. d4 Nf6 2. c4 e6 3. Nc3 Bb4 4. Nf3 b6 5. Bg5 h6 6. Bh4 Bxc3+ 7. bxc3 c5 8. e3
Nc6 9. Bd3 d6 10. O-O O-O 11. Re1 e5 12. Be4 Qc7 13. Bxc6 Qxc6 14. dxe5 dxe5
15. Nxe5 Qe6 16. Qf3 Bb7 17. Qxb7 Qxe5 18. Bxf6 Qxf6 19. Rac1 Rfd8 20. Red1 a5
21. Qf3 Qxf3 22. gxf3 Kf8 23. Kf1 Ke7 24. Ke2 Rd6 25. Rxd6 Kxd6 26. Rd1+ Kc6
27. a4 Re8 28. Rg1 g6 29. Rg4 Kd6 30. Rf4 f5 31. Rh4 h5 32. Rh3 Kc6 33. Rg3 Re6
34. h4 Kd6 35. Rg1 Kd7 36. Rd1+ Ke7 37. Rg1 Kd6 38. Kd3 Ke5 39. f4+ Kd6 40. f3
Ke7 41. e4 Kf6 42. Rg5 Rd6+ 43. Ke2 Re6 44. Kd3 Rd6+ 45. Kc2 fxe4 46. fxe4 1-0

[Event "European Youth Chess Championship B12"]
[Site "Prague, Top Hotel Prague"]
[Date "2016.08.27"]
[Round "9.55"]
[White "Vojta, Jakub"]
[Black "Fridensteins-Bridins, Atis"]
[Result "1-0"]
[WhiteElo "1771"]
[BlackElo "1347"]
[PlyCount "87"]
[EventDate "2016.08.18"]

1. e4 d5 2. exd5 Qxd5 3. Nc3 Qd6 4. d4 Nf6 5. Nf3 c6 6. Ne5 Bf5 7. Bc4 e6 8.
Bf4 Qd8 9. O-O Be7 10. Re1 O-O 11. Qd2 Nbd7 12. Re2 Nb6 13. Bb3 Nbd5 14. Nxd5
cxd5 15. f3 a5 16. c3 b5 17. Bc2 Bxc2 18. Qxc2 Rc8 19. Qd3 Qb6 20. Rc2 Rfd8 21.
Rac1 Ne8 22. Ng4 Nd6 23. Ne3 Nc4 24. Nxc4 Rxc4 25. Re2 Rdc8 26. Bd2 Bf6 27.
Rce1 g6 28. Kh1 b4 29. f4 b3 30. a3 a4 31. g4 Kg7 32. f5 Bh4 33. Rf1 exf5 34.
gxf5 Qd8 35. fxg6 hxg6 36. Qe3 g5 37. Rg2 f6 38. Qf4 Kf7 39. Qf5 Kg7 40. Qg4
Qh8 41. Qd7+ Kg6 42. Qf5+ Kh6 43. Rg4 Kh5 44. Rf3 1-0

[Event "European Youth Chess Championship B12"]
[Site "Prague, Top Hotel Prague"]
[Date "2016.08.27"]
[Round "9.56"]
[White "Kran, Ole-Christian Bakken"]
[Black "Malkoc, Tilen"]
[Result "0-1"]
[WhiteElo "1571"]
[BlackElo "1770"]
[PlyCount "46"]
[EventDate "2016.08.18"]

1. e4 c6 2. d4 d5 3. e5 Bf5 4. g4 Bd7 5. Bg2 Qb6 6. h3 e6 7. Nf3 c5 8. c3 Nc6
9. O-O cxd4 10. cxd4 Nge7 11. b3 Ng6 12. Nc3 Be7 13. Ne2 Rc8 14. Bd2 O-O 15. g5
Nb4 16. Nc3 Nd3 17. h4 Ngf4 18. Ne2 Nb2 19. Qb1 Nxe2+ 20. Kh1 Ba3 21. Re1 Bb5
22. Rxe2 Bxe2 23. Qe1 Bxf3 0-1

[Event "European Youth Chess Championship B12"]
[Site "Prague, Top Hotel Prague"]
[Date "2016.08.27"]
[Round "9.57"]
[White "Mica, Marek"]
[Black "Devyaterikov, Ivan"]
[Result "1/2-1/2"]
[WhiteElo "1795"]
[BlackElo "1536"]
[PlyCount "182"]
[EventDate "2016.08.18"]

1. d4 d5 2. c4 c6 3. Nc3 dxc4 4. a4 e5 5. e3 exd4 6. exd4 Be6 7. Nf3 Bb4 8. Be2
c5 9. O-O Nf6 10. Be3 O-O 11. Ng5 Bd5 12. dxc5 Bxc3 13. bxc3 h6 14. Nf3 Ne4 15.
Qc2 Qa5 16. Bd4 Nxc5 17. Qf5 Nb3 18. Rad1 Be6 19. Qxa5 Nxa5 20. Be3 Nbc6 21.
Nd4 Nxd4 22. Rxd4 a6 23. Bf3 Nb3 24. Rd6 Rad8 25. Rxd8 Rxd8 26. Bxb7 Rd3 27.
Bxa6 Rxc3 28. Bb7 Bd7 29. Rd1 Bxa4 30. Rd8+ Kh7 31. Rf8 Nc5 32. Bf3 Kg6 33. g3
Ne6 34. Be4+ Kf6 35. Ra8 Bd7 36. Ra1 Rb3 37. Bd5 Bb5 38. Rc1 Rb4 39. Bd2 Ra4
40. Bc3+ Kg6 41. Kg2 Nc7 42. Be4+ f5 43. Bc2 Ra8 44. g4 Bc6+ 45. f3 Bd7 46.
Bxf5+ Bxf5 47. gxf5+ Kxf5 48. Kh1 Ne6 49. Bb4 Rc8 50. Bc3 g5 51. Kg1 Nf4 52.
Kf1 Nd3 53. Rc2 Kf4 54. Kg2 Ke3 55. Bd2+ Kd4 56. Bc3+ Kd5 57. Kf1 Re8 58. Re2
Rf8 59. Re3 h5 60. Kg2 Ra8 61. Bf6 Rg8 62. Bc3 g4 63. fxg4 Rxg4+ 64. Kf1 Rf4+
65. Kg1 Re4 66. Rf3 Rf4 67. Re3 Rg4+ 68. Kf1 Rg6 69. Rh3 Rg5 70. Re3 Rf5+ 71.
Kg1 Ne5 72. Kg2 Ng4 73. Re2 Rf4 74. h3 Nf6 75. Re5+ Kd6 76. Rg5 Ke6 77. Bxf6
Kxf6 78. Rxh5 Ke6 79. Rc5 Kd6 80. Rc8 Kd5 81. Kg3 Re4 82. h4 Kd4 83. h5 Re1 84.
Kg4 Kd3 85. h6 c3 86. h7 Rh1 87. Rd8+ Ke2 88. h8=Q Rxh8 89. Rxh8 c2 90. Rc8 Kd1
91. Rd8+ Ke1 1/2-1/2

[Event "European Youth Chess Championship B12"]
[Site "Prague, Top Hotel Prague"]
[Date "2016.08.27"]
[Round "9.58"]
[White "Arbuzov, Timofey"]
[Black "De, Cocq Ramin"]
[Result "1-0"]
[WhiteElo "1870"]
[BlackElo "1588"]
[PlyCount "53"]
[EventDate "2016.08.18"]

1. e4 e6 2. d4 d5 3. Nc3 Bb4 4. exd5 exd5 5. Bd3 Be6 6. Nge2 c6 7. O-O Bd6 8.
Bf4 h6 9. Qd2 Nf6 10. Rae1 O-O 11. Ng3 Re8 12. Be5 Bc7 13. f4 Bxe5 14. dxe5 d4
15. Nce4 Nxe4 16. Nxe4 Bd5 17. Nd6 Re7 18. Nf5 Rc7 19. Qf2 c5 20. Qg3 Qf8 21.
Nxh6+ Kh8 22. Nxf7+ Qxf7 23. Qh4+ Kg8 24. Qd8+ Qf8 25. Qxd5+ Kh8 26. Rf3 Rc6
27. e6 1-0

[Event "European Youth Chess Championship B12"]
[Site "Prague, Top Hotel Prague"]
[Date "2016.08.27"]
[Round "9.59"]
[White "Kusa, Jakub"]
[Black "Redzisz, Michal"]
[Result "0-1"]
[WhiteElo "1567"]
[BlackElo "1834"]
[PlyCount "160"]
[EventDate "2016.08.18"]

1. e4 c5 2. Nf3 d6 3. d4 cxd4 4. Nxd4 Nf6 5. Nc3 g6 6. Be2 Bg7 7. O-O O-O 8.
Bg5 Nc6 9. Nb3 a6 10. f4 b5 11. Bf3 Bb7 12. Kh1 Nd7 13. Qc1 Nb6 14. Nd5 Re8 15.
c3 Nc4 16. Rd1 a5 17. Nd2 Nxd2 18. Qxd2 Qb8 19. Qe3 b4 20. Qb6 Ra6 21. Qc7 Kf8
22. Be2 Ra7 23. Bb5 Qxc7 24. Nxc7 Rc8 25. Nd5 Ba6 26. Bxa6 Rxa6 27. Rac1 bxc3
28. Nxc3 Ke8 29. b3 Nb4 30. Nd5 Rxc1 31. Rxc1 Nxd5 32. exd5 Kd7 33. Kg1 a4 34.
Rb1 axb3 35. Rxb3 Bd4+ 36. Kf1 f6 37. Bh4 Rxa2 38. Rb7+ Ke8 39. Rb8+ Kf7 40.
Rh8 Kg7 41. Re8 Kf7 42. Rh8 Kg7 43. Re8 Ra7 44. Ke2 h6 45. Kf3 g5 46. fxg5 hxg5
47. Be1 Kf7 48. Rc8 Be5 49. Ke2 Ra2+ 50. Kf3 Ra3+ 51. Ke2 Rb3 52. Rc1 Rb5 53.
Rd1 e6 54. dxe6+ Kxe6 55. Bf2 Rb3 56. Rc1 d5 57. Rc6+ Kf5 58. Rc5 Ke4 59. Ra5
Rb2+ 60. Kf1 d4 61. Ra4 Kd3 62. Ra3+ Kc4 63. Ra4+ Kc3 64. Be1+ Kc2 65. Ra8 d3
66. Rc8+ Kd1 67. Rd8 d2 68. Bf2 Kc1 69. Be3 Bf4 70. Bxd2+ Rxd2 71. Rf8 Be5 72.
Rh8 Kc2 73. h4 g4 74. h5 g3 75. h6 Rf2+ 76. Kg1 Bd4 77. Rc8+ Kd3 78. Rd8 Rf4+
79. Rxd4+ Rxd4 80. h7 Ke2 0-1

[Event "European Youth Chess Championship B12"]
[Site "Prague, Top Hotel Prague"]
[Date "2016.08.27"]
[Round "9.60"]
[White "Cuttoli, Alexandre"]
[Black "Rosol, Alexander"]
[Result "1-0"]
[WhiteElo "1618"]
[BlackElo "1779"]
[PlyCount "71"]
[EventDate "2016.08.18"]

1. e4 e5 2. Nf3 Nc6 3. Bc4 Bc5 4. c3 Nf6 5. d4 exd4 6. cxd4 Bb4+ 7. Nc3 Nxe4 8.
O-O Bxc3 9. d5 Bf6 10. Re1 Ne7 11. Rxe4 d6 12. Bg5 Bxg5 13. Nxg5 h6 14. Qe2
hxg5 15. Re1 Be6 16. dxe6 f6 17. Re3 c6 18. Rh3 Rxh3 19. gxh3 g6 20. Bd3 Qa5
21. b4 Qe5 22. Qd2 Qf4 23. Qc2 f5 24. Qc3 O-O-O 25. b5 Qa4 26. bxc6 bxc6 27.
Rb1 Nd5 28. Qb2 Nb6 29. Qc1 g4 30. e7 Re8 31. Bb5 Qd4 32. Qxc6+ Kb8 33. Qxe8+
Kb7 34. Qc6+ Kb8 35. e8=Q+ Nc8 36. Qcxc8# 1-0

[Event "European Youth Chess Championship B12"]
[Site "Prague, Top Hotel Prague"]
[Date "2016.08.27"]
[Round "9.61"]
[White "Torngren, Gustav"]
[Black "Stastny, Jakub"]
[Result "1-0"]
[WhiteElo "1764"]
[BlackElo "1376"]
[PlyCount "71"]
[EventDate "2016.08.18"]

1. c4 c5 2. Nc3 Nc6 3. g3 e6 4. Bg2 Nge7 5. e4 d6 6. Nge2 g6 7. O-O Bg7 8. d3
O-O 9. a3 a6 10. Rb1 b6 11. b4 Bb7 12. bxc5 dxc5 13. Na4 Nc8 14. Nxc5 bxc5 15.
Rxb7 Nb6 16. Qb3 Na5 17. Qxb6 Nxb7 18. Qxb7 Qxd3 19. Nf4 Qxc4 20. Be3 Rab8 21.
Qe7 Rfc8 22. Rd1 a5 23. h4 Bd4 24. Bxd4 cxd4 25. Qf6 Rb5 26. Bf1 Qb3 27. Qxd4
e5 28. Qd7 Rbc5 29. Nd5 Kg7 30. Rd3 Qb1 31. Rf3 Rf8 32. Qd6 Qxe4 33. Qf6+ Kh6
34. Ne7 Qg4 35. Nf5+ Kh5 36. Ne3 1-0

[Event "European Youth Chess Championship B12"]
[Site "Prague, Top Hotel Prague"]
[Date "2016.08.27"]
[Round "9.63"]
[White "Aslanov, Samad"]
[Black "Mechlinski, Jakub"]
[Result "0-1"]
[WhiteElo "1529"]
[BlackElo "1753"]
[PlyCount "38"]
[EventDate "2016.08.18"]

1. e4 e5 2. Nf3 Nc6 3. Bb5 a6 4. Ba4 Nf6 5. O-O Bc5 6. Re1 Ng4 7. Re2 Nd4 8.
Nxd4 Bxd4 9. Nc3 Qh4 10. h3 Nxf2 11. Rxf2 Qxf2+ 12. Kh1 b5 13. Bb3 d6 14. Kh2
g5 15. Qf3 Qg1+ 16. Kg3 Qe1+ 17. Kh2 Bg1+ 18. Kh1 Bf2+ 19. Kh2 Qg1# 0-1

[Event "European Youth Chess Championship B12"]
[Site "Prague, Top Hotel Prague"]
[Date "2016.08.27"]
[Round "9.64"]
[White "Smelykh, Edvin"]
[Black "Sebesta, Jan"]
[Result "1-0"]
[WhiteElo "1709"]
[BlackElo "1557"]
[PlyCount "43"]
[EventDate "2016.08.18"]

1. e4 e5 2. Nf3 Nc6 3. Bb5 a6 4. Ba4 Nf6 5. O-O b5 6. Bb3 Be7 7. Re1 O-O 8. c3
d5 9. exd5 Nxd5 10. Nxe5 Nxe5 11. Rxe5 c6 12. Bxd5 cxd5 13. d4 Bd6 14. Re1 Qh4
15. g3 Qh3 16. Qf3 Bf5 17. Qxd5 Rae8 18. Re3 Rxe3 19. Bxe3 Bc7 20. Qg2 Qh5 21.
Nd2 Re8 22. Qc6 1-0

[Event "European Youth Chess Championship B12"]
[Site "Prague, Top Hotel Prague"]
[Date "2016.08.27"]
[Round "9.65"]
[White "Stepanencu, Nicodim-Cosmin"]
[Black "Glozar, Petr"]
[Result "1-0"]
[WhiteElo "1551"]
[BlackElo "1688"]
[PlyCount "93"]
[EventDate "2016.08.18"]

1. e4 c6 2. d4 d5 3. Nc3 dxe4 4. Nxe4 Bf5 5. Ng3 Bg6 6. h4 h6 7. Nf3 Nd7 8. Bd3
Bxd3 9. Qxd3 e6 10. Bd2 Qc7 11. O-O-O Ngf6 12. Rhe1 O-O-O 13. Ne4 c5 14. Nxf6
Nxf6 15. Qc4 Nd5 16. Re4 Nb6 17. Qe2 c4 18. Ba5 Rd5 19. Bxb6 axb6 20. c3 Bd6
21. Kb1 Kb8 22. Re1 Rd8 23. Nd2 b5 24. Nf1 b4 25. Ne3 Rb5 26. Nxc4 bxc3 27. b3
Rf5 28. Rc1 Bb4 29. g3 Rfd5 30. Qe3 Rc8 31. Rc2 Rcd8 32. f4 b5 33. Nb2 Qa7 34.
Nd3 Ba3 35. Ne5 Qa6 36. Qxc3 b4 37. Qc4 Qxc4 38. bxc4 Rxe5 39. fxe5 Re8 40. Rf2
Rc8 41. c5 Rc7 42. Ref4 Rd7 43. Rd2 Kc7 44. h5 Kc6 45. Kc2 Rb7 46. Rdf2 Rd7 47.
Kd2 1-0

[Event "European Youth Chess Championship B12"]
[Site "Prague, Top Hotel Prague"]
[Date "2016.08.27"]
[Round "9.66"]
[White "Hadjinicolaou, Andreas"]
[Black "Mach, Petr"]
[Result "1/2-1/2"]
[WhiteElo "1488"]
[BlackElo "1654"]
[PlyCount "76"]
[EventDate "2016.08.18"]

1. d4 e6 2. Nf3 c5 3. e3 Nf6 4. c4 d5 5. Nc3 Nc6 6. cxd5 Nxd5 7. e4 Nxc3 8.
bxc3 cxd4 9. cxd4 Bb4+ 10. Bd2 Qa5 11. a3 Bxd2+ 12. Qxd2 Qxd2+ 13. Kxd2 O-O 14.
Bb5 Rd8 15. Bxc6 bxc6 16. Ke3 Bb7 17. Rab1 Ba6 18. Rhc1 Rac8 19. Rc5 Bb5 20.
Rbc1 f6 21. d5 exd5 22. exd5 Rd6 23. Rxb5 Re8+ 24. Kd4 cxb5 25. Rc6 Rxc6 26.
dxc6 Kf7 27. Kc5 Ke7 28. Nd4 a6 29. Nf5+ Kd8 30. Kb6 g6 31. Nd4 Re4 32. Kb7
Re7+ 33. Kxa6 Kc7 34. Kxb5 Re1 35. a4 Rb1+ 36. Kc5 Rc1+ 37. Kb4 Rb1+ 38. Kc3
Ra1 1/2-1/2

[Event "European Youth Chess Championship B12"]
[Site "Prague, Top Hotel Prague"]
[Date "2016.08.27"]
[Round "9.67"]
[White "Gogna, Aman"]
[Black "Sarginale, Tuna"]
[Result "1/2-1/2"]
[WhiteElo "1412"]
[BlackElo "1646"]
[PlyCount "68"]
[EventDate "2016.08.18"]

1. d4 Nf6 2. Nf3 e6 3. c4 Bb4+ 4. Bd2 Qe7 5. a3 Bxd2+ 6. Qxd2 b6 7. g3 Bb7 8.
Bg2 O-O 9. O-O d6 10. Nc3 Ne4 11. Qc2 Nxc3 12. Qxc3 Nd7 13. Rfd1 c5 14. e3 Rac8
15. d5 exd5 16. cxd5 Nf6 17. Nh4 Rce8 18. Qc2 Bc8 19. Re1 Ne4 20. Rad1 b5 21.
b4 g5 22. Nf3 Bg4 23. Rc1 Qf6 24. Nh4 Qe5 25. Bxe4 Qxe4 26. Qxe4 Rxe4 27. f3
Re5 28. fxg4 gxh4 29. bxc5 hxg3 30. hxg3 Rxd5 31. cxd6 Rxd6 32. Rc7 Rg6 33.
Rxa7 Rxg4 34. Kf2 Rc8 1/2-1/2

[Event "European Youth Chess Championship B12"]
[Site "Prague, Top Hotel Prague"]
[Date "2016.08.27"]
[Round "9.68"]
[White "Sunde, Nicholas"]
[Black "Dwyer, Daniel"]
[Result "1/2-1/2"]
[WhiteElo "1375"]
[BlackElo "1629"]
[PlyCount "39"]
[EventDate "2016.08.18"]

1. d4 d5 2. c4 e6 3. Nf3 Nf6 4. Nc3 Be7 5. Bf4 Nbd7 6. e3 O-O 7. cxd5 exd5 8.
Bd3 Nb6 9. h3 Bd6 10. Bxd6 Qxd6 11. O-O c6 12. Qc2 h6 13. Rac1 Nbd7 14. Ne2 Re8
15. Ng3 Nf8 16. Ne5 Be6 17. Qc3 Rad8 18. Nf3 Qe7 19. b4 Ra8 20. Rc2 1/2-1/2

[Event "European Youth Chess Championship B12"]
[Site "Prague, Top Hotel Prague"]
[Date "2016.08.27"]
[Round "9.70"]
[White "Hosnedl, Matyas"]
[Black "Tajovsky, Matej"]
[Result "1-0"]
[WhiteElo "1652"]
[BlackElo "1584"]
[PlyCount "29"]
[EventDate "2016.08.18"]

1. e4 c6 2. Nc3 d5 3. Nf3 dxe4 4. Nxe4 Bf5 5. Ng3 Bg6 6. h4 h6 7. Ne5 Bh7 8.
Qh5 g6 9. Bc4 e6 10. Qe2 Qc7 11. d4 Bg7 12. Bf4 Qe7 13. O-O-O Nd7 14. Rde1
O-O-O 15. Nxc6 1-0

[Event "European Youth Chess Championship B12"]
[Site "Prague, Top Hotel Prague"]
[Date "2016.08.27"]
[Round "9.71"]
[White "Kien, Clovis"]
[Black "Lamblin, Alexandre"]
[Result "0-1"]
[WhiteElo "1336"]
[BlackElo "1594"]
[PlyCount "68"]
[EventDate "2016.08.18"]

1. e4 c5 2. Nf3 Nc6 3. Nc3 e6 4. Bb5 Nge7 5. O-O d6 6. Re1 e5 7. Bxc6+ bxc6 8.
d3 Ng6 9. h3 Be7 10. Ne2 f5 11. c3 fxe4 12. dxe4 O-O 13. Kh2 Bh4 14. Be3 Qe7
15. Neg1 Be6 16. Qa4 Qb7 17. Rad1 Be7 18. b3 d5 19. Bg5 Bd6 20. c4 d4 21. Qa3
a5 22. Qb2 a4 23. Rd3 Bxc4 24. Rd2 axb3 25. Rc1 Rxa2 26. Qb1 Rxd2 27. Nxd2 Be6
28. Ngf3 Qb4 29. Ne1 c4 30. f3 h6 31. Bxh6 gxh6 32. f4 Nxf4 33. Qb2 c3 34. Rxc3
Qxc3 {unreadable} 0-1

[Event "European Youth Chess Championship B12"]
[Site "Prague, Top Hotel Prague"]
[Date "2016.08.27"]
[Round "9.72"]
[White "Petrek, David"]
[Black "Dudek, Vojtech"]
[Result "1/2-1/2"]
[WhiteElo "1463"]
[BlackElo "1529"]
[PlyCount "39"]
[EventDate "2016.08.18"]

1. e4 d5 2. exd5 Nf6 3. Bb5+ Bd7 4. Be2 Nxd5 5. d4 g6 6. Nf3 Bg7 7. O-O O-O 8.
c4 Nf6 9. Nc3 e6 10. Bg5 h6 11. Bf4 g5 12. Be3 Ne8 13. Qd2 f5 14. g3 Bf6 15. d5
e5 16. Bc5 Nd6 17. h3 Na6 18. Ba3 Rf7 19. c5 Nb4 (19... Ne4 20. Qc2 Nxc3 21.
Qxc3 f4 22. g4 h5 23. Nd2) 20. Bxb4 1/2-1/2

[Event "European Youth Chess Championship B12"]
[Site "Prague, Top Hotel Prague"]
[Date "2016.08.27"]
[Round "9.73"]
[White "Hajpek, Erik"]
[Black "Jaques, Hannibal Valeur"]
[Result "1/2-1/2"]
[WhiteElo "1701"]
[BlackElo "1518"]
[PlyCount "28"]
[EventDate "2016.08.18"]

1. e4 e5 2. Nf3 Nc6 3. Bc4 Bc5 4. c3 Nf6 5. d3 d6 6. Nbd2 Bg4 7. O-O O-O 8. h3
Bh5 9. Re1 Re8 10. Nf1 h6 11. Ng3 Bg6 12. b4 Bb6 13. a4 a5 14. b5 Na7 1/2-1/2

[Event "European Youth Chess Championship B12"]
[Site "Prague, Top Hotel Prague"]
[Date "2016.08.27"]
[Round "9.74"]
[White "Papuc, David"]
[Black "Nesse, David"]
[Result "0-1"]
[WhiteElo "1329"]
[BlackElo "1602"]
[PlyCount "142"]
[EventDate "2016.08.18"]

1. d4 Nf6 2. Bg5 Ne4 3. Bf4 c5 4. f3 Qa5+ 5. c3 Nf6 6. Nd2 cxd4 7. cxd4 Nc6 8.
e3 g6 9. Bd3 Nb4 10. Bc2 Nfd5 11. Ne2 Bg7 12. O-O Nxc2 13. Qxc2 Nxf4 14. Nxf4
O-O 15. Ne2 b6 16. a3 Ba6 17. Rfe1 Rfc8 18. Nc3 Qb5 19. Rec1 Qd3 20. Qxd3 Bxd3
21. Nd5 Bf8 22. b4 Rc6 23. a4 e6 24. Nf6+ Kg7 25. Nxd7 Rxc1+ 26. Rxc1 Bxb4 27.
Nb3 Bd6 28. Rc6 Ba3 29. Ne5 Ba6 30. Rc7 b5 31. Rxf7+ Kg8 32. axb5 Bxb5 33. Rb7
Ba6 34. Rc7 Bb5 35. Rc3 Bb4 36. Rc1 Ba4 37. Rc4 a5 38. Nc5 Bb5 39. Rc2 Ba3 40.
Nxe6 a4 41. Ra2 Bd6 42. Ra1 a3 43. Nc5 a2 44. Ned3 Bxc5 45. Nxc5 Bc4 46. Kf2
Rb8 47. e4 Rb1 48. Rxa2 Bxa2 49. d5 Kf7 50. Kg3 Rb2 51. h4 Bc4 52. Ne6 Bf1 53.
Nf4 h6 54. Kg4 Rd2 55. g3 Ba6 56. Ne6 Bc8 57. Kf4 Bxe6 58. dxe6+ Kxe6 59. g4
Rd3 60. Kg3 Ke5 61. h5 g5 62. Kf2 Kf4 63. Ke2 Rxf3 64. e5 Re3+ 65. Kf2 Rxe5 66.
Kg2 Kxg4 67. Kf2 Kf4 68. Kg2 g4 69. Kf2 g3+ 70. Kg2 Re2+ 71. Kf1 Kf3 0-1

[Event "European Youth Chess Championship B12"]
[Site "Prague, Top Hotel Prague"]
[Date "2016.08.27"]
[Round "9.75"]
[White "Keprt, Tomas"]
[Black "Stagno, Matteo"]
[Result "1-0"]
[WhiteElo "1567"]
[BlackElo "1142"]
[PlyCount "81"]
[EventDate "2016.08.18"]

1. e4 e5 2. Nf3 Nc6 3. d4 exd4 4. Nxd4 Ne5 5. Nc3 Nf6 6. Bd3 Bc5 7. Nb3 Bb6 8.
Bg5 d6 9. Nd5 Ned7 10. O-O O-O 11. Re1 h6 12. Bh4 g5 13. Bg3 Ne5 14. Nxb6 axb6
15. f4 Ng6 16. fxg5 hxg5 17. Qd2 Nh5 18. Bf2 Kg7 19. Be3 f6 20. g3 Ne5 21. Be2
Kh6 22. Qd1 Qe8 23. Nd4 Bd7 24. Rc1 Ng7 25. h4 c5 26. hxg5+ fxg5 27. Nf3 Nxf3+
28. Bxf3 Qe5 29. Kg2 Rf6 30. Rh1+ Kg6 31. Bh5+ Kh7 32. Bf7+ Rh6 33. Rxh6+ Kxh6
34. Qh1+ Nh5 35. Qxh5+ Kg7 36. Qg6+ Kf8 37. Qg8+ Ke7 38. Bxg5+ Qxg5 39. Qxg5+
Kxf7 40. Rf1+ Ke6 41. Qf6# 1-0

[Event "European Youth Chess Championship B12"]
[Site "Prague, Top Hotel Prague"]
[Date "2016.08.27"]
[Round "9.77"]
[White "Veres, Simon"]
[Black "Rousek, Jan"]
[Result "0-1"]
[WhiteElo "1514"]
[BlackElo "1521"]
[PlyCount "46"]
[EventDate "2016.08.18"]

1. e4 c5 2. Nf3 e6 3. d4 cxd4 4. Nxd4 Nf6 5. Nc3 Nc6 6. Ndb5 Bb4 7. a3 Bxc3+ 8.
Nxc3 O-O 9. Bd3 d5 10. exd5 Nxd5 11. Nxd5 Qxd5 12. O-O b6 13. Qe2 Bb7 14. Rd1
Qe5 15. Qg4 Rfd8 16. Qh3 h6 17. Bd2 Nd4 18. Bc3 Ne2+ 19. Bxe2 Qxe2 20. Rdc1 Rd5
21. g3 Qf3 22. Be5 Rd1+ 23. Rxd1 Qh1# 0-1

[Event "European Youth Chess Championship B12"]
[Site "Prague, Top Hotel Prague"]
[Date "2016.08.27"]
[Round "9.78"]
[White "Spada, Dario"]
[Black "Berezovsky, Jonathan"]
[Result "1-0"]
[WhiteElo "1132"]
[BlackElo "1164"]
[PlyCount "94"]
[EventDate "2016.08.18"]

1. d4 Nf6 2. Nf3 g6 3. c4 e6 4. Nc3 Bb4 5. Bd2 Bxc3 6. Bxc3 O-O 7. e3 d6 8. Bd3
Nbd7 9. O-O c5 10. Qc2 b6 11. Rad1 Qc7 12. Rfe1 Re8 13. e4 e5 14. d5 Bb7 15. b3
Rad8 16. Qb2 a6 17. Nd2 Rb8 18. Qa1 Ba8 19. f4 b5 20. Rf1 Nb6 21. fxe5 Nfd7 22.
exd6 Qxd6 23. cxb5 axb5 24. Rf2 Ne5 25. Bxb5 Re7 26. Bxe5 Rxe5 27. Bc4 Rh5 28.
h3 Bb7 29. Qf6 Qxf6 30. Rxf6 Kg7 31. Rdf1 Nxc4 32. Rxf7+ Kh6 33. Nxc4 Ba6 34.
Rd1 Rd8 35. d6 Rh4 36. Re7 Bb5 37. d7 Bxd7 38. Rdxd7 Rxd7 39. Rxd7 Rxe4 40. Rd5
Re2 41. Rxc5 Rxa2 42. b4 Ra1+ 43. Kh2 Kg7 44. b5 Rb1 45. Nd6 Kf6 46. Rc6 Ke7
47. b6 Rh1+ 1-0